000 01435cam a22001934a 4500
005 20250605164239.0
008 250528s ||||||||||||||||||||||||d
035 _a21250
020 _a9789609321624
040 _aGR-AtMCL
_bgre
_dGR-AtMCL
_eAACR2
245 1 _aΠαράλληλες Σκέψεις... / Αυτοβιογραφικά Δοκίμια
260 _bΕκδόσεις Παρισιάνου,
_c2010
300 _a104
520 _aΈνα βιβλίο που ξεκίνησε για πλάκα και κατέληξε σε ''ψύχωση'' και ταυτόχρονα ψυχανάλυση της συγγραφέως. Μια Νέα Αρχή, Τα Παγωτά οι Κρέμες και η... Άνοιξη, Το ''Σ' αγαπώ'', ''Μα Καλά... Εσύ πως Πέρασες Πανεπιστήμιο;'', Για τα Λεφτά, Τα Δώρα, Η Αδερφή μου και Εγώ, Πότε Πέθανε ο... Άγιος Βασίλης;, Θέλω να Καταγγείλω Έναν Φόνο, Αυγούλες και Υζάντι και Χριστός Ανέστη! Θα Ανατιναχτούμε, Να σου Πω το Φλιτζάνι;, Πετάμε στα... 14.000 Πόδια, ''Κύριε Πρέσβη μου, μας Κακομαθαίνετε...!!!'', Το Καλοκαιράκι στην Ακρογιαλιά!!!.
700 1 _aΧαλκιά Μαρία Ι
_97282
942 _cBK
999 _c6317
_d6317